000 01712cam a22004814i 4500
003 PE-LiUPU
005 20250731172957.0
008 150623s r 000 0 d
020 _a080540192X
035 _a(Sirsi) i9780805401929
040 _aPE-LiUPU
_bspa
_cPE-LiUPU
_erda
049 _aPRUA
082 0 4 _a254.5
_bW15E
_221
100 1 _aWagner, C. Peter,
_eautor.
_91201
245 1 4 _aThe everychurch guide to growth :
_bhow any plateaued church can grow /
_cElmer Towns, C. Peter Wagner & Thom S. Rainer.
264 1 _aNashville, Tennessee :
_bBroadman & Holman Publishers,
_c1998.
300 _a205 páginas ;
_c23 cm.
336 _atext
_2rdacontent
337 _aunmediated
_2rdamedia
338 _avolume
_2rdacarrier
504 _aIncluye bibliografía.
505 0 _aOvercoming small church barriers of 200 people. -Overcoming middle-sized church growth barriers of 400 people. -Overcoming large church barriers of 1000 people.
526 _aSEG42
526 _aSEG41
526 _aSEG40
526 _aSEG39
526 _aP94
526 _aP87
526 _aP86
526 _aP85
526 _aP77
526 _aP76
526 _aP35
650 0 4 _aCrecimiento de iglesia.
700 1 _aTowns, Elmer,
_eautor.
700 1 _aRainer, Thom S.,
_eautor.
942 _2ddc
_cBOOK
949 _a254.5 W15E
_wDEWEY
_c1
_i47872
_lCCODEBUL1
_mBUL
_r0
_sY
_tBOOK
_u2015-6-24
_xTEOLOGIA
_PP35
_0COMPRA
_o.STAFF. Colección General
994 _aC0
_bPEPRU
596 _a1
999 _a254.5 T77
_wDEWEY
_c22221
_i45358
_f2021-11-10
_g5
_lCCODEBUL1
_mBUL
_r0
_sY
_tBOOK
_u2015-6-24
_xTEOLOGIA
_PP35
_0COMPRA
_o.STAFF. Colección General
_d22221
980 _81
_gALBERTO SANCHEZ Responsable de Automatización